[Event "1st Sergiy Shystarev Memorial 2020"]
[Site "Kyiv"]
[Date "2020.08.26"]
[Round "2.4"]
[White "Zozulia, Anna"]
[Black "Matviishen, Viktor"]
[Result "0-1"]
[WhiteElo "2258"]
[BlackElo "2505"]
[Annotator "TA"]
[PlyCount "100"]
[EventDate "2020.08.25"]
[EventCountry "UKR"]
[SourceTitle "playchess.com"]
[Source "ChessBase"]
[SourceQuality "1"]

{[%evp 16,100,0,0,0,-12,-18,-59,-45,-52,-48,-37,-29,-28,-29,-94,-81,-70,-72,-60,-60,-68,-55,-87,-87,-84,-39,-39,-36,-32,-35,-45,-20,-87,-67,-53,-51,-37,-5,-24,-36,-27,-23,-153,-144,-149,-150,-597,-583,-679,-673,-679,-673,-664,-664,-664,-656,-598,-660,-625,-616,-653,-653,-648,-637,-641,-616,-612,-504,-6008,-5870,-5284,-1754,-6079,-6008,-5976,-5875,-5604,-5548,-5407,-4846,-1834,-1569,-1078,-1027,-931,-759]} 1. e4 e5 2. Nf3 Nc6 3. Bb5 a6 4. Ba4 d6 5. d4 b5 6. Bb3 Nxd4 7. Nxd4 exd4 8. Bd5 Rb8 9. Qxd4 {9.Qxd4 is better than 9.Bc6+.} Ne7 {Strongly threatening ...c6. C71: Ruy Lopez: Deferred Steinitz Variation, sidelines.} 10. a4 c5 11. Qe3 Nxd5 {Black is slightly better.} 12. exd5+ Be7 $1 13. axb5 axb5 14. O-O O-O {[#]} 15. Qg3 $146 (15. c3 $11) ({Predecessor:} 15. Nd2 Bb7 16. c4 bxc4 17. Qf3 Ra8 18. Rxa8 Qxa8 19. Qe2 Bf6 20. Nxc4 Bxd5 21. Nb6 {0-1 (51) Smirnov,T (2138)-Savenkov,K (2212) Kolomna 2014}) 15... Bf5 $17 16. c3 Ra8 17. Rxa8 Qxa8 18. Na3 $1 b4 19. Nc4 Qxd5 20. Ne3 Qe6 (20... Qd3 {is more complex.} 21. cxb4 Be6 22. Rd1 Qe2 23. Qf3 Qxf3 24. gxf3 Ra8) 21. cxb4 cxb4 22. Qf4 Be4 23. f3 Bd3 24. Rd1 (24. Re1 $1 $11 {keeps the balance.}) 24... Rc8 25. Bd2 b3 $36 {[%mdl 2048] aiming for ...Bf6. White is under pressure.} 26. Re1 Bg6 27. Ng4 Qd7 28. Qe3 $1 {[%cal Re3e7]} h5 {And now ...Bh4 would win.} 29. Nf2 (29. Qxe7 $11 {was the only way to keep the balance.} Qxe7 30. Rxe7 hxg4 31. Rb7) 29... Rc2 {Hoping for ...Bh4.} 30. Bc3 {[#]} Qe6 $1 {[%mdl 512] White must now prevent ...Bf6.} 31. Qd4 $2 {Loses the game.} (31. Qf4 $17 Re2 32. Rxe2 Qxe2 33. h4) (31. Qxe6 fxe6) 31... Bf6 $19 {Black is clearly winning.} 32. Qb6 {[#]} Rxc3 $1 {[%cal Re6e1][%mdl 512]} 33. Rxe6 (33. bxc3 Qxe1#) 33... Rc1+ {[%mdl 64] Discovered Attack, Zwischenzug} 34. Nd1 Rxd1+ (34... fxe6 $2 35. Qxb3 Bc2 36. Qxe6+ Kh7 37. Kf2 $19) 35. Kf2 fxe6 36. Qxb3 Rd2+ 37. Ke1 Rxb2 38. Qxe6+ Kh7 {( -> ...Bc3+)} 39. Qxd6 Rxg2 40. Kf1 Rb2 41. Kg1 Rb5 42. Qd7 (42. h3 $142) 42... Rb1+ 43. Kg2 Be5 (43... Rb2+ $142 44. Kh1 Be5) 44. h3 Rb2+ 45. Kg1 Bg3 46. Qd5 h4 47. Qg5 Rb4 48. Kg2 Rf4 49. Qd5 Rf5 50. Qd7 Rg5 {Accuracy: White = 64%, Black = 85%.} 0-1

[Event "1st Sergiy Shystarev Memorial 2020"]
[Site "Kyiv"]
[Date "2020.08.26"]
[Round "2.5"]
[White "Muha, Sergey"]
[Black "Malakhatko, Vadim"]
[Result "1/2-1/2"]
[WhiteElo "2222"]
[BlackElo "2488"]
[Annotator "TA"]
[PlyCount "104"]
[EventDate "2020.08.25"]
[EventCountry "UKR"]
[SourceTitle "playchess.com"]
[Source "ChessBase"]
[SourceQuality "1"]

{[%evp 19,104,26,30,17,42,47,63,62,62,63,62,64,50,36,39,41,46,30,30,30,42,31,50,49,47,43,42,51,50,52,49,18,28,38,34,12,13,20,18,12,35,28,54,47,37,45,54,34,44,0,0,0,0,-16,7,0,8,0,0,0,0,-51,15,15,15,15,14,15,43,43,43,18,25,0,0,0,0,0,0,0,0,0,0,0,0,0,7]} 1. d4 d5 2. c4 c6 3. Nf3 Nf6 4. Nc3 e6 5. Bg5 Nbd7 6. cxd5 exd5 7. e3 Be7 8. Bd3 Nh5 9. Bxe7 Qxe7 10. O-O O-O 11. Qb1 {D35: Queen's Gambit Declined: Exchange Variation.} g6 12. b4 Nb6 13. b5 {White is slightly better.} Be6 {[#]} 14. bxc6 $146 ({Predecessor:} 14. a4 Nc4 15. Bxc4 dxc4 16. bxc6 bxc6 17. Qe4 Qd6 18. Qe5 Rfd8 19. Qxd6 Rxd6 20. Ne4 {1-0 (30) Lapiccirella,D (2225)-Radice,L (2001) Milan 2010}) 14... bxc6 15. Rc1 Rfc8 16. Qc2 Ng7 17. Ba6 Bf5 18. Qe2 Rc7 $1 19. a4 {[%cal Ba2a4,Ba4a5][%mdl 32]} Qd6 20. Qa2 Rb8 {[%cal Ba8b8,Bb8b2,Bb2c2][%mdl 32]} 21. a5 Nd7 22. Qa3 Qxa3 23. Rxa3 {[#] Hoping for Nxd5!} Ne8 24. h3 h5 25. Nd2 Rb2 26. Nb3 Kf8 27. Na4 Rc2 28. Raa1 Nd6 29. Nac5 Nf6 30. Nd3 Rxc1+ 31. Rxc1 Bxd3 32. Bxd3 Ke7 33. Nc5 Rc8 34. Rb1 Nd7 35. Nxd7 Kxd7 $11 {[%mdl 4096] Endgame KRB-KRN} 36. Ba6 Re8 37. h4 Kc7 38. Bd3 Rb8 39. Rxb8 Kxb8 {KB-KN} 40. Kf1 (40. a6 $11) 40... Nb7 (40... Kb7 $1 $15) 41. a6 Nd8 $1 42. f3 Ne6 43. g4 Kc7 44. f4 Ng7 45. f5 gxf5 46. gxf5 f6 {The position is equal.} 47. Kf2 c5 48. dxc5 Kc6 49. Kg3 Kxc5 50. Kf4 Kd6 51. Be2 Kc5 52. Bd3 Kd6 {Accuracy: White = 90%, Black = 90%.} 1/2-1/2

[Event "1st Sergiy Shystarev Memorial 2020"]
[Site "Kyiv"]
[Date "2020.08.26"]
[Round "2.6"]
[White "Shishkin, Vadim"]
[Black "Rakhmangulova, Anastasiya"]
[Result "1/2-1/2"]
[WhiteElo "2469"]
[BlackElo "2191"]
[Annotator "TA"]
[PlyCount "122"]
[EventDate "2020.08.25"]
[EventCountry "UKR"]
[SourceTitle "playchess.com"]
[Source "ChessBase"]
[SourceQuality "1"]

{[%evp 24,122,22,14,70,47,48,48,45,47,54,53,50,-25,-27,-22,-16,-19,-8,-84,-35,-48,-50,-89,-39,-41,-36,-80,29,31,83,81,83,78,106,16,22,-33,-33,-34,-34,-34,-34,-35,-36,-68,-73,-67,-66,-89,-89,-95,-95,-95,-95,-95,-95,-95,-73,-73,0,-95,-95,-116,-59,-59,-59,-59,-59,-59,-59,-74,-74,-97,-59,-60,-58,-58,-58,-73,-33,-33,-26,-33,-41,-48,0,-48,-48,-73,-73,-73,-73,-73,-48,-73,-48,-52,-33,-33,0]} 1. d4 d5 2. c4 c6 3. Nf3 Nf6 4. Nc3 dxc4 5. a4 Bf5 6. e3 e6 7. Bxc4 Bb4 8. O-O O-O 9. Nh4 Bg4 10. f3 Bh5 11. g4 Bg6 12. Nxg6 hxg6 13. e4 c5 {D18: Slav Defence: 5 a4 Bf5 6 e3.} (13... Nbd7 $11) 14. Na2 Qb6 15. Nxb4 Qxb4 {White is slightly better.} 16. b3 Qc3 17. Ba3 Rd8 {[#]} 18. g5 $146 (18. Bxc5 $14 b6 19. Be7 Qe3+ 20. Rf2 Rxd4 21. Qc1 Qxc1+ 22. Rxc1) ({Predecessor:} 18. Bxc5 Nc6 19. Qe1 Qxe1 20. Raxe1 b6 21. Ba3 Nxd4 22. Bb2 Ne8 23. Kf2 Nd6 24. Bxd4 Nxc4 {½-½ (40) Tukmakov,V (2550)-Ljubojevic,L (2635) Tilburg 1984}) 18... Qe3+ $11 19. Kh1 Qxg5 20. Bxc5 Nc6 21. Qc1 (21. Bb5 $11 {keeps the balance.}) 21... Qxc1 (21... Qh5 {looks sharper.} 22. Qe3 b6 23. Ba3 Nxd4 24. Rf2 Rd7) 22. Raxc1 Nxd4 23. e5 Ne8 24. f4 b6 25. Ba3 a6 ({Better is} 25... Nc7 $17 26. Bd6 Rac8) 26. Rfd1 Nf3 (26... b5 $14 27. Be7 Rd7 28. axb5 axb5 29. Bxb5 {[%mdl 64] Pin} Rb7 30. Rxd4 Rxb5) 27. Rxd8 $1 $16 Rxd8 28. Kg2 Nd4 29. Bxa6 ({White should try} 29. Rd1 $16) 29... Nxb3 $11 30. Rc6 (30. Rb1 $11 Nc5 31. Bxc5 bxc5 32. Rb7) 30... Rd2+ $15 31. Kg3 {Black must now prevent Rc8.} Ra2 32. Bd6 {Threatens to win with Rc8.} Rxa4 ({Don't play} 32... Nxd6 $6 33. exd6 Rd2 34. Kh3 $16) 33. Rxb6 Nd4 34. Bb5 Ra8 $1 35. Bxe8 {aiming for Rb8.} Rxe8 $17 {[%mdl 4096] Endgame KRB-KRN} 36. Bb4 Rc8 37. Rb7 Rc4 38. Bd2 Rc2 39. Be1 Nf5+ 40. Kh3 Re2 41. Bg3 Rc2 ({Black should play} 41... Re4 $17) 42. Rb8+ (42. Be1 $1 $11) 42... Kh7 43. Rb7 {[#]} Nh6 (43... g5 $1 $17 {[%mdl 512]} 44. fxg5 Kg6) 44. Ra7 Rc8 45. Bh4 Kg8 46. Bg3 Nf5 47. Rb7 Ne3 48. Ra7 Nd5 (48... Rc4 {keeps more tension.} 49. Ra3 Nd5 50. Kg4 Kh7 51. Ra8 f5+) 49. Kg4 Rc7 (49... Re8 {seems wilder.} 50. Kg5 Rb8 51. Bf2 Rc8 52. Bg3 Kf8) 50. Rxc7 Nxc7 $15 {KB-KN} 51. Bf2 f6 52. h4 Nd5 53. Bc5 Kf7 54. Kf3 Kg8 55. Kg4 Kh7 56. Bf8 Ne3+ 57. Kf3 Nf5 58. Kg4 Kg8 59. Bc5 Kf7 60. Bf2 Ke7 61. Bc5+ Kf7 {Accuracy: White = 73%, Black = 65%.} 1/2-1/2

[Event "1st Sergiy Shystarev Memorial 2020"]
[Site "Kyiv"]
[Date "2020.08.27"]
[Round "3.1"]
[White "Roshka, Yevgeniy"]
[Black "Sivuk, Vitaly"]
[Result "1-0"]
[WhiteElo "2455"]
[BlackElo "2545"]
[Annotator "TA"]
[PlyCount "101"]
[EventDate "2020.08.25"]
[EventCountry "UKR"]
[SourceTitle "playchess.com"]
[Source "ChessBase"]
[SourceQuality "1"]

{[%evp 12,101,22,18,35,0,0,0,0,6,12,0,0,0,9,3,14,0,10,20,27,33,19,30,83,80,93,101,96,99,99,101,101,80,99,95,121,90,106,115,131,106,141,110,107,87,181,181,181,181,181,181,181,181,181,70,70,70,117,117,133,0,9,8,110,0,59,59,235,44,43,29,368,85,300,0,334,219,219,219,219,219,219,219,219,220,29982,29983,29984,29985,29985,29986]} 1. d4 Nf6 2. c4 e6 3. g3 d5 4. Nf3 Bb4+ 5. Bd2 a5 6. Qc2 O-O 7. Bg2 c5 {E11: Bogo-Indian.} 8. Bxb4 axb4 9. cxd5 cxd4 {The position is equal.} 10. Nxd4 Qb6 11. Nb3 exd5 12. O-O Bg4 {[#]} 13. Rc1 $146 ({Predecessor:} 13. Qd3 Nc6 14. N1d2 Bh5 15. Nf3 Bg6 16. Qd2 Rfe8 17. e3 h6 18. Rfe1 Ra6 19. Nbd4 {½-½ (55) Brankov,K (2330)-Delchev,A (2656) Sunny Beach 2005}) 13... Nc6 14. h3 Bh5 15. e3 $1 Bg6 16. Qc5 Qd8 17. N1d2 Bd3 (17... Qd7 $11) 18. Nd4 $16 Ra5 19. Nxc6 Rxc5 20. Nxd8 Rxc1+ 21. Rxc1 Rxd8 22. Rc7 b5 23. Nf3 Bb1 24. Bf1 Bxa2 25. Bxb5 g6 26. Nd4 Rb8 27. Bd3 Ne4 28. Kg2 Rb6 (28... Nd2 $16) 29. b3 $18 Kg7 30. Bxe4 dxe4 {[%mdl 4096] Endgame KRB-KRN} 31. Rc1 Ra6 32. Ra1 $1 h5 33. f3 (33. h4 $18) 33... exf3+ $14 34. Kxf3 Ra3 35. Nc2 Ra6 {Black wants to play ...Rf6+.} 36. Nd4 (36. Kg2 $16) 36... Ra3 $11 37. Kf4 Kf6 (37... Bxb3 $11 {keeps the balance.} 38. Rxa3 bxa3 39. Nxb3 a2) 38. h4 (38. Nc2 $1 $16 {[%cal Rc2a3]} Ra5 39. e4) 38... Kg7 (38... Bxb3 $11 39. Rxa3 bxa3 40. Nxb3 a2) 39. Ke5 $1 $14 g5 $2 ({Black should try} 39... f6+ $14 40. Kd6 f5) 40. Kd6 $2 ({White must play} 40. hxg5 $18 Bxb3 41. Rxa3 bxa3 42. Nxb3) 40... Kg6 41. e4 g4 $2 {[%mdl 8192]} (41... Kf6 $11) 42. Ke5 $2 (42. e5 $18) 42... Ra5+ $2 (42... f6+ $16 {was called for.} 43. Kd6 Kf7) 43. Kd6 Ra3 44. Kc5 Bxb3 45. Rxa3 bxa3 46. Nxb3 $18 {KN-KP} f5 {[#] White must now prevent ...f4!} 47. Kd4 $1 a2 48. e5 {And now Ke3 would win.} Kf7 $2 {[#]} (48... f4 $18 49. gxf4 Kf5) 49. Ke3 $1 {[%cal Re3f4] White mates.} Kg7 50. Kf4 Kg6 51. Na1 {Accuracy: White = 65%, Black = 58%.} 1-0

[Event "1st Sergiy Shystarev Memorial 2020"]
[Site "Kyiv"]
[Date "2020.08.27"]
[Round "3.1"]
[White "Roshka, Yevgeniy"]
[Black "Sivuk, Vitaly"]
[Result "*"]
[WhiteElo "2455"]
[BlackElo "2545"]
[Annotator "TA"]
[PlyCount "37"]
[EventDate "2020.08.23"]
[EventCountry "UKR"]
[SourceTitle "playchess.com"]
[Source "ChessBase"]
[SourceQuality "1"]

{[%evp 12,24,20,17,33,0,0,0,7,0,14,0,0,0,0]} 1. d4 Nf6 2. c4 e6 3. g3 d5 4. Nf3 Bb4+ 5. Bd2 a5 6. Qc2 O-O 7. Bg2 c5 {E11: Bogo-Indian.} 8. Bxb4 axb4 {The position is equal.} 9. cxd5 cxd4 10. Nxd4 Qb6 11. Nb3 exd5 12. O-O Bg4 {[#] Not much happened in this game.} {Predecessor:} 13. Qd3 $146 Nc6 14. N1d2 Bh5 15. Nf3 Bg6 16. Qd2 Rfe8 17. e3 h6 18. Rfe1 Ra6 19. Nbd4 {½-½ (55) Brankov,K (2330)-Delchev,A (2656) Sunny Beach 2005} *

[Event "1st Sergiy Shystarev Memorial 2020"]
[Site "Kyiv"]
[Date "2020.08.27"]
[Round "3.2"]
[White "Matviishen, Viktor"]
[Black "Budnikov, Oleg"]
[Result "0-1"]
[WhiteElo "2505"]
[BlackElo "2397"]
[Annotator "ChessBase"]
[PlyCount "58"]
[EventDate "2020.08.25"]
[EventCountry "UKR"]
[SourceTitle "playchess.com"]
[Source "ChessBase"]
[SourceQuality "1"]
[TimeControl "5400+30"]

1. d4 {[%emt 0:00:00]} Nf6 {[%emt 0:00:00]} 2. c4 {[%emt 0:00:00]} e6 {[%emt 0:00:00]} 3. g3 {[%emt 0:00:00]} d5 {[%emt 0:00:01]} 4. Nf3 {[%emt 0:00:00]} dxc4 {[%emt 0:00:14]} 5. Bg2 {[%emt 0:00:08]} Bd7 {[%emt 0:01:53]} 6. Ne5 {[%emt 0:02:45]} Bc6 {[%emt 0:01:21]} 7. Nxc6 {[%emt 0:00:05]} Nxc6 {[%emt 0:00:04]} 8. O-O {[%emt 0:05:23]} Qd7 {[%emt 0:01:39]} 9. e3 {[%emt 0:00:26]} O-O-O {[%emt 0:00:22]} 10. Qa4 {[%emt 0:03:09]} Nd5 {[%emt 0:00:11]} 11. Qxc4 {[%emt 0:00:26]} h5 {[%emt 0:00:13]} 12. Bd2 {[%emt 0:14:28]} h4 {[%emt 0:02:51]} 13. b4 {[%emt 0:01:17]} hxg3 {[%emt 0:00:16]} 14. hxg3 {[%emt 0:00:15]} f5 {[%emt 0:03:33]} 15. b5 {[%emt 0:00:57]} Nce7 {[%emt 0:00:10]} 16. Rc1 {[%emt 0:01:28]} g5 {[%emt 0:00:18]} 17. a4 {[%emt 0:08:47]} f4 {[%emt 0:00:11]} 18. e4 {[%emt 0:02:55]} fxg3 {[%emt 0:00:16]} 19. exd5 {[%emt 0:11:00]} gxf2+ {[%emt 0:00:12]} 20. Kf1 {[%emt 0:00:07]} exd5 {[%emt 0:00:05]} 21. Qd3 {[%emt 0:00:02]} Nf5 {[%emt 0:00:42]} 22. b6 {[%emt 0:09:09]} axb6 {[%emt 0:00:50]} 23. Nc3 {[%emt 0:00:46]} Bd6 {[%emt 0:02:09]} 24. Nxd5 {[%emt 0:00:18]} Kb8 {[%emt 0:00:19]} 25. Nf6 {[%emt 0:00:11]} Qe6 {[%emt 0:00:20]} 26. Ne4 {[%emt 0:00:05]} Rh2 {[%emt 0:01:29]} 27. Nxd6 {[%emt 0:14:41]} Rxd6 {[%emt 0:08:40]} 28. Bxg5 {[%emt 0:11:58]} Rxg2 {[%emt 0:07:29]} 29. Kxg2 {[%emt 0:00:24]} Qg6 {[%emt 0:00:09]} 0-1

[Event "1st Sergiy Shystarev Memorial 2020"]
[Site "Kyiv"]
[Date "2020.08.27"]
[Round "3.3"]
[White "Zubarev, Alexander"]
[Black "Vysochin, Spartak"]
[Result "0-1"]
[WhiteElo "2430"]
[BlackElo "2501"]
[Annotator "ChessBase"]
[PlyCount "40"]
[EventDate "2020.08.25"]
[EventCountry "UKR"]
[SourceTitle "playchess.com"]
[Source "ChessBase"]
[SourceQuality "1"]
[TimeControl "5400+30"]

1. d4 {[%emt 0:00:00]} d5 {[%emt 0:00:00]} 2. c4 {[%emt 0:00:00]} c6 {[%emt 0:00:00]} 3. Nc3 {[%emt 0:00:00]} Nf6 {[%emt 0:00:00]} 4. e3 {[%emt 0:00:26]} Bf5 {[%emt 0:00:47]} 5. cxd5 {[%emt 0:00:20]} cxd5 {[%emt 0:00:08]} 6. Qb3 {[%emt 0:00:04]} Nc6 {[%emt 0:00:08]} 7. Qxb7 {[%emt 0:00:40]} Bd7 {[%emt 0:00:05]} 8. Bb5 {[%emt 0:08:34]} Rb8 {[%emt 0:03:57]} 9. Qa6 {[%emt 0:01:09]} Nb4 {[%emt 0:02:15]} 10. Qa4 {[%emt 0:18:10]} Rxb5 {[%emt 0:11:16]} 11. Nxb5 {[%emt 0:00:16]} e5 {[%emt 0:10:05]} 12. Bd2 {[%emt 0:21:25]} Nd3+ {[%emt 0:02:44]} 13. Ke2 {[%emt 0:01:25]} Qb8 {[%emt 0:07:27]} 14. Qxa7 {[%emt 0:04:25]} Qxb5 {[%emt 0:01:54]} 15. Qa8+ {[%emt 0:04:00]} Ke7 {[%emt 0:00:00]} 16. a4 {[%emt 0:00:30]} Qc4 {[%emt 0:07:12]} 17. b3 {[%emt 0:02:52]} Nf4+ {[%emt 0:01:08]} 18. Kf3 {[%emt 0:00:19]} e4+ {[%emt 0:01:21]} 19. Kg3 {[%emt 0:00:13]} N6h5+ {[%emt 0:00:42]} 20. Kh4 {[%emt 0:00:20]} g5+ 0-1

[Event "1st Sergiy Shystarev Memorial 2020"]
[Site "Kyiv"]
[Date "2020.08.27"]
[Round "3.3"]
[White "Zubarev, Alexander"]
[Black "Vysochin, Spartak"]
[Result "*"]
[WhiteElo "2430"]
[BlackElo "2501"]
[Annotator "TA"]
[PlyCount "34"]
[EventDate "2020.08.23"]
[EventCountry "UKR"]
[SourceTitle "playchess.com"]
[Source "ChessBase"]
[SourceQuality "1"]

{[%evp 10,22,18,21,20,31,42,-2,0,0,0,-230,-216,-220,-220]} 1. d4 d5 2. c4 c6 3. Nc3 Nf6 4. e3 Bf5 5. cxd5 cxd5 6. Qb3 Nc6 {D10: Slav Defence: 3 cxd5 (without early Nf3) and 3 Nc3.} 7. Qxb7 Bd7 $1 {...Rb8 is the strong threat.} 8. Bb5 Rb8 9. Qa6 Nb4 10. Qa4 $2 {[#]} (10. Bxd7+ $11 {and White stays safe.} Qxd7 11. Qe2) 10... Rxb5 $1 $19 {[%mdl 512]} 11. Nxb5 {[#]} e5 $1 {[%mdl 512] [#] White did not feel at home in the position after the opening.} {Predecessor:} 12. Bd2 $146 Nd3+ 13. Ke2 Qb8 14. Qxa7 Qxb5 15. Qa8+ Ke7 16. a4 Nf4+ 17. Kf3 Qd3 {0-1 (17) Lee,J (1884)-El Debs,F (2522) Tromsoe 2014} *

[Event "1st Sergiy Shystarev Memorial 2020"]
[Site "Kyiv"]
[Date "2020.08.27"]
[Round "3.4"]
[White "Skliarov, Viktor"]
[Black "Shishkin, Vadim"]
[Result "1/2-1/2"]
[WhiteElo "2376"]
[BlackElo "2469"]
[Annotator "ChessBase"]
[PlyCount "35"]
[EventDate "2020.08.25"]
[EventCountry "UKR"]
[SourceTitle "playchess.com"]
[Source "ChessBase"]
[SourceQuality "1"]
[TimeControl "5400+30"]

1. e4 c5 {[%emt 0:00:00]} 2. Nf3 {[%emt 0:00:00]} Nc6 3. Bb5 {[%emt 0:00:00]} g6 {[%emt 0:00:00]} 4. O-O {[%emt 0:00:00]} Bg7 {[%emt 0:00:00]} 5. Re1 {[%emt 0:00:08]} e5 6. Bxc6 {[%emt 0:00:12]} dxc6 {[%emt 0:00:00]} 7. d3 {[%emt 0:00:09]} Qe7 {[%emt 0:00:00]} 8. Nbd2 {[%emt 0:04:11]} Nf6 9. Nc4 {[%emt 0:00:52]} Nd7 {[%emt 0:01:52]} 10. Be3 O-O {[%emt 0:01:04]} 11. Qd2 {[%emt 0:03:19]} Rd8 {[%emt 0:27:05]} 12. a3 Nb6 {[%emt 0:15:53]} 13. Qc3 {[%emt 0:12:39]} Bg4 {[%emt 0:03:57]} 14. Nxb6 {[%emt 0:04:03]} axb6 {[%emt 0:00:09]} 15. Nd2 {[%emt 0:00:03]} Be6 16. b4 {[%emt 0:07:36]} cxb4 {[%emt 0:04:34]} 17. axb4 {[%emt 0:00:49]} b5 {[%emt 0:00:50]} 18. Nb3 {[%emt 0:03:30]} 1/2-1/2

[Event "1st Sergiy Shystarev Memorial 2020"]
[Site "Kyiv"]
[Date "2020.08.27"]
[Round "3.5"]
[White "Solodovnichenko, Yuri"]
[Black "Maliutin, Oleksandr"]
[Result "1-0"]
[WhiteElo "2553"]
[BlackElo "2250"]
[Annotator "TA"]
[PlyCount "83"]
[EventDate "2020.08.25"]
[EventCountry "UKR"]
[SourceTitle "playchess.com"]
[Source "ChessBase"]
[SourceQuality "1"]

{[%evp 21,83,66,85,-7,-12,-21,-15,-2,11,12,22,0,0,0,18,20,89,68,84,75,64,72,85,75,148,139,150,146,204,199,285,283,332,301,308,160,166,145,298,244,251,222,256,246,422,352,356,237,373,342,302,290,462,419,407,414,403,391,386,413,376,287,1513,1493]} 1. e4 c5 2. Nf3 d6 3. d4 cxd4 4. Nxd4 Nf6 5. Nc3 a6 6. Bg5 e6 7. f4 Be7 8. Qf3 h6 9. Bh4 g5 10. fxg5 Nfd7 11. Qh5 Ne5 $1 {[%cal Re7g5]} 12. Nf3 {B98: Sicilian Najdorf: 6 Bg5 e6 7 f4 Be7, sidelines.} (12. Bg3 $16) 12... Ng6 $11 13. Qg4 {[#]} Nc6 $146 {[%cal Bb8c6,Bc6e5,Be5f3][%mdl 32] White should prevent ...e5.} ({Predecessor:} 13... e5 14. Qg3 Be6 15. O-O-O Nc6 16. a3 b5 17. Nd5 Bxd5 18. exd5 Na5 19. Bd3 Nf4 20. gxh6 Bxh4 21. Nxh4 {1-0 (39) Bancu,C (1576)-El Gheiadi,I (1815) Bucharest 2019}) 14. O-O-O {The position is equal.} Nxh4 15. Qxh4 Ne5 16. Qf2 {[#] Nxe5 is the strong threat.} Nxf3 $1 17. Qxf3 Bxg5+ 18. Kb1 Qb6 (18... Qf6 $11 {keeps the balance.}) 19. Qg3 $36 {[%mdl 2048] White is more active.} Be7 20. Qg7 Rf8 21. Qxh6 Bd7 22. Be2 a5 (22... Qc5 $142) 23. Rhf1 a4 24. a3 O-O-O (24... Qa5 $16 25. Qg7 Bc6) 25. Qg7 $18 Be8 (25... Rde8 $142 26. Qd4 (26. Rxf7 Rxf7 27. Qxf7 d5 $18) 26... Qxd4 27. Rxd4 f5 28. Nxa4 Kb8) 26. Bg4 {Strongly threatening Nd5.} Kb8 {[#] Now ...d5 and Black clings on.} 27. Bxe6 $1 {[%mdl 576] Hoping for Nd5. Pin} d5 (27... fxe6 28. Qxe7) 28. Qg3+ ({Resist} 28. Bxd5 $6 Bxa3 29. Bb3 axb3 $18) (28. Bxf7 $18 Bc6 29. Nxd5 Bxd5 30. Bxd5 Bxa3 31. h4) 28... Bd6 $16 29. Nxd5 Qb5 $2 {This costs Black the game.} (29... Bxg3 $16 {was worth a try.} 30. Nxb6 Rxd1+ 31. Rxd1 fxe6) 30. Qh4 Bc6 31. Rxf7 {And now Nb4 would win.} Be5 {[%csl Ge5][%cal Rb5b2]} 32. c3 Qb3 $2 (32... Qe2 {might work better.}) 33. Rdf1 Rfe8 34. Re7 Bb5 (34... Qb5 $142 35. Rf2 Rxe7) 35. Ne3 Bd3+ 36. Ka1 Qb5 (36... Qb6 $142) 37. Rff7 {Black must now prevent Bd7.} Rxe7 38. Qxe7 (38. Rxe7 Bxc3 39. Nd1 Ba5 $18) 38... Re8 39. Rf8 Rxf8 40. Qxf8+ Ka7 {intending ...Qb6.} 41. Qb4 Qc6 $2 (41... Qxb4 42. axb4 (42. cxb4 Bxh2 43. Bd5 b5 $18) 42... Bxh2) 42. Qa5+ {[%mdl 64] Double Attack. Accuracy: White = 68%, Black = 62%.} 1-0

[Event "1st Sergiy Shystarev Memorial 2020"]
[Site "Kyiv"]
[Date "2020.08.27"]
[Round "3.6"]
[White "Malakhatko, Vadim"]
[Black "Samunenkov, Ihor"]
[Result "1-0"]
[WhiteElo "2488"]
[BlackElo "2142"]
[Annotator "ChessBase"]
[PlyCount "93"]
[EventDate "2020.08.25"]
[EventCountry "UKR"]
[SourceTitle "playchess.com"]
[Source "ChessBase"]
[SourceQuality "1"]
[TimeControl "5400+30"]

1. d4 {[%emt 0:00:00]} Nf6 {[%emt 0:00:00]} 2. c4 {[%emt 0:00:00]} e6 {[%emt 0:00:00]} 3. Nf3 {[%emt 0:00:00]} b6 {[%emt 0:00:00]} 4. g3 {[%emt 0:00:00]} c6 {[%emt 0:00:19]} 5. Nc3 {[%emt 0:01:02]} d5 {[%emt 0:01:55]} 6. Qa4 {[%emt 0:06:24]} a6 {[%emt 0:03:25]} 7. Bg2 {[%emt 0:17:47]} Be7 {[%emt 0:06:20]} 8. cxd5 {[%emt 0:06:06]} b5 {[%emt 0:01:41]} 9. Qc2 {[%emt 0:05:09]} cxd5 {[%emt 0:01:50]} 10. O-O {[%emt 0:00:11]} Bb7 {[%emt 0:01:58]} 11. Bf4 {[%emt 0:03:27]} Nc6 {[%emt 0:04:44]} 12. Rfc1 {[%emt 0:00:32]} O-O {[%emt 0:02:10]} 13. Qd3 {[%emt 0:06:37]} Rc8 {[%emt 0:06:53]} 14. Bg5 {[%emt 0:10:20]} h6 {[%emt 0:09:47]} 15. Bxf6 {[%emt 0:00:06]} Bxf6 {[%emt 0:00:22]} 16. e3 {[%emt 0:00:04]} Na5 {[%emt 0:03:58]} 17. Ne2 {[%emt 0:06:12]} Nc4 {[%emt 0:08:22]} 18. Rc2 {[%emt 0:01:56]} Nd6 {[%emt 0:02:21]} 19. Rxc8 {[%emt 0:02:08]} Qxc8 {[%emt 0:00:42]} 20. Nc1 {[%emt 0:00:36]} Be7 {[%emt 0:07:04]} 21. Qd1 {[%emt 0:03:21]} Qb8 {[%emt 0:06:11]} 22. Nd3 {[%emt 0:00:11]} Nc4 {[%emt 0:05:46]} 23. b3 {[%emt 0:03:37]} Nd6 {[%emt 0:00:17]} 24. Nc5 {[%emt 0:00:13]} Rc8 {[%emt 0:02:26]} 25. Ne5 {[%emt 0:01:20]} Qc7 {[%emt 0:00:56]} 26. Bh3 {[%emt 0:02:37]} Nf5 {[%emt 0:04:57]} 27. Rc1 {[%emt 0:03:06]} Bd6 {[%emt 0:03:54]} 28. Ned3 {[%emt 0:01:11]} Qe7 {[%emt 0:01:26]} 29. Bxf5 {[%emt 0:04:06]} exf5 {[%emt 0:00:30]} 30. Qh5 {[%emt 0:00:08]} f4 {[%emt 0:05:39]} 31. gxf4 {[%emt 0:01:03]} Bxc5 32. Nxc5 {[%emt 0:01:42]} Rc6 {[%emt 0:01:35]} 33. Qe5 {[%emt 0:05:29]} Qh4 {[%emt 0:02:07]} 34. f5 {[%emt 0:00:29]} Kh7 {[%emt 0:01:39]} 35. Kf1 {[%emt 0:06:31]} Bc8 {[%emt 0:02:02]} 36. Qxd5 {[%emt 0:01:48]} Rf6 {[%emt 0:01:56]} 37. e4 {[%emt 0:00:19]} Qxh2 {[%emt 0:02:05]} 38. Nd3 {[%emt 0:00:59]} Rd6 {[%emt 0:01:05]} 39. Qe5 {[%emt 0:00:51]} Qh3+ {[%emt 0:00:30]} 40. Ke2 {[%emt 0:00:11]} Qg4+ {[%emt 0:00:28]} 41. f3 {[%emt 0:01:32]} Qg2+ {[%emt 0:00:15]} 42. Nf2 {[%emt 0:00:07]} Rd8 {[%emt 0:00:28]} 43. Rc7 {[%emt 0:00:43]} Kg8 {[%emt 0:00:52]} 44. Qc5 {[%emt 0:00:18]} Bxf5 {[%emt 0:00:29]} 45. Qxf5 {[%emt 0:00:09]} f6 {[%emt 0:00:15]} 46. d5 {[%emt 0:00:24]} Qg1 {[%emt 0:00:02]} 47. Qg4 {[%emt 0:00:34]} 1-0